المنسوجات / (رقم التسجيلة. 9767)

تفاصيل مارك
000 -LEADER
fixed length control field 00544nam a22001937a 4500
005 - DATE AND TIME OF LATEST TRANSACTION
control field 20251108164335.0
008 - FIXED-LENGTH DATA ELEMENTS--GENERAL INFORMATION
fixed length control field 250721s1994 xx 000 0 ara d
082 14 - DEWEY DECIMAL CLASSIFICATION NUMBER
Classification number 677/شنا
100 1# - MAIN ENTRY--PERSONAL NAME
Personal name الشناق، فيصل
245 10 - TITLE STATEMENT
Title المنسوجات /
264 1# - PRODUCTION, PUBLICATION, DISTRIBUTION, MANUFACTURE, AND COPYRIGHT NOTICE
Place of production, publication, distribution, manufacture عمان :
Name of producer, publisher, distributor, manufacturer دار اليازوري العلميه،
Date of production, publication, distribution, manufacture, or copyright notice 1994.
300 ## - PHYSICAL DESCRIPTION
Extent 265ص
650 17 - SUBJECT ADDED ENTRY--TOPICAL TERM
Topical term or geographic name as entry element صناعة النسيج
650 17 - SUBJECT ADDED ENTRY--TOPICAL TERM
Topical term or geographic name as entry element المنسوجات
700 1# - ADDED ENTRY--PERSONAL NAME
Personal name ظاظا، عصام
700 1# - ADDED ENTRY--PERSONAL NAME
Personal name عبد الفتاح، شعبان
942 ## - ADDED ENTRY ELEMENTS (KOHA)
Source of classification or shelving scheme Dewey Decimal Classification
Koha item type كتب
المقتنيات
حالة السحب حالة الفقدان مصدر التصنيف حالة التلف غير قابل للإعارة المكتبة الرئيسية المكتبة الحالية موقع الرف تاريخ التزويد الرقم المتسلسل Total Checkouts رقم الإستدعاء تاريخ آخر ظهور تاريخ الفاتورة نوع المادة (كوها) الباركود
    Dewey Decimal Classification     مكتبة الأميرة ايمان العامة مكتبة الأميرة ايمان العامة الإعارة 14/09/2013 [413]   677/شنا 28/07/2025 14/09/2013 كتب PLD00276607
    Dewey Decimal Classification Unchecked   مكتبة الاميرة بديعة مكتبة الاميرة بديعة الإعارة 06/07/2004 4000   677/شنا 28/07/2025 06/07/2004 كتب  
    Dewey Decimal Classification Unchecked   مكتبة الجويدة مكتبة الجويدة الإعارة 06/07/2004 3626   677/شنا 28/07/2025 06/07/2004 كتب  
    Dewey Decimal Classification     مكتبة الحسن العامة مكتبة الحسن العامة الإعارة 19/09/2018 07776   677/شنا 28/07/2025 19/09/2018 كتب PLD00432447
    Dewey Decimal Classification     مكتبة النصر العامة مكتبة النصر العامة الإعارة 28/03/2015 [ 5911 ]   677/شنا 28/07/2025 28/03/2015 كتب PLD00380105
    Dewey Decimal Classification     مكتبة صويلح العامة مكتبة صويلح العامة الإعارة 19/06/2019 [8165]   677/شنا 28/07/2025 19/06/2019 كتب PLD00454643
Implemented & Customized by: BBB with SCIT (Smart Chains for Information Technology)

Powered by Koha